Geografías poscoloniales y translocaciones narrativas de "Lo latinoamericano" /
Gespeichert in:
| 1. Verfasser: | |
|---|---|
| Format: | Unbekannt |
| Sprache: | Spanish |
| Schlagworte: | |
| Tags: |
Tag hinzufügen
Keine Tags, Fügen Sie den ersten Tag hinzu!
|
MARC
| LEADER | 000000000a22000000004500 | ||
|---|---|---|---|
| 001 | 001954 | ||
| 041 | 0 | |a spa | |
| 100 | 1 | |a Castro Gómez, Santiago | |
| 245 | 1 | 0 | |a Geografías poscoloniales y translocaciones narrativas de "Lo latinoamericano" / |c Santiago Castro Gómez. |
| 310 | |a semestral | ||
| 650 | 4 | |a COLONIZACION | |
| 650 | 4 | |a MODERNIDAD | |
| 650 | 4 | |a HABERMAS, JURGEN, 1929- | |
| 650 | 4 | |a VIDA COTIDIANA | |
| 650 | 4 | |a CONOCIMIENTO | |
| 650 | 4 | |a RELACIONES GEOPOLITICAS | |
| 650 | 4 | |a PODER | |
| 650 | 4 | |a DESTERRITORIALIZACION | |
| 650 | 4 | |a DICURSO IMAGINARIO | |
| 650 | 4 | |a DISCURSO COLONIAL | |
| 650 | 4 | |a TEORIA POSCOLONIAL | |
| 650 | 4 | |a CRITICAS | |
| 650 | 4 | |a ESTUDIO LATINOAMERICANO | |
| 650 | 4 | |a PENSAMIENTO LATINOAMERICANO ESTUDIOS SUBALTERNOS | |
| 773 | 0 | |d Venezuela : Universidad Simón Bolívar |t Estudios: Revista de Investigaciones Literarias y Culturales |g número 10 (1997), páginas 9-30 | |
| 942 | |c ARC | ||
| 999 | |c 9743 |d 9743 | ||
